MDQL
is popping MORE tags! Check the
thread
!
Quizzes
Events
Quiz Creation
Community
Videos
Private Events
Remove Ads
Sign In
Join for FREE
Feedback
Dark Mode
Quiz Categories
Sports
Geography
Music
Movies
Television
Just For Fun
Miscellaneous
History
Literature
Language
Science
Gaming
Entertainment
Religion
Holiday
For Kids
Quiz Lab
Recent
Popular Today
Quiz Kudos Today
Editor Picks
Curator Picks
Quizzes by...
Day
Popularity
Type
Ratings
Length
Year
Community
Subscriptions
Recent Discussions
Orange Saloon
Badges
Playlists
Quests
Create
Leaderboards
Showdown
Live 5
Trivia Bingo
Activity
Puzzle Library
Sporcle Events
Private Events
Virtual Trivia
Globe League
Become a Host
Pub Owners
SporcleCon
Opinionation
Our Games
Videos
Blog
Mobile Apps
Partnerships
Remove Ads and Go Orange
Feedback
Sports
Athletes
MLB
NBA
NHL
NFL
Soccer
Sports Teams
WWE
NCAA
Football
Premier League
Basketball
Baseball
Hockey
Golf
Tennis
Cricket
Rugby
Auto Racing
Olympics
World Cup
Sports
Athletes
MLB
NBA
NHL
NFL
Soccer
Sports Teams
WWE
NCAA
Football
Premier League
Basketball
Baseball
Hockey
Golf
Tennis
Cricket
Rugby
Auto Racing
Olympics
World Cup
Random Quiz
Search Sporcle
×
Quiz Lab
Quiz Lab
Sports
NFL
Type in answers that appear in a list
Type in answers that appear in a list
Classic
Best Score? Go Orange.
Bill King's call of the Holy Roller Stats
Can you name the Bill King's call of the Holy Roller?
By
manimal0
5m
158 Questions
16 Plays
16 Plays
16 Plays
Comments
Comments
Give Quiz Kudos
Give Quiz Kudos
-
- Ratings
hide this ad
Replay
Link that replays current quiz
Next Quiz
Link to next quiz in quiz playlist
You Got
0%
They Got
Avg Score
49%
Avg Friend Score
Upgrade to see
Score Distribution
Jump to the score distribution portion of the page
Score
0/158
Timer
05:00
0
Plays Today
% Correct
the
100%
The
100%
A
100%
the
100%
the
100%
a
100%
the
100%
The
100%
the
100%
a
100%
the
100%
the
100%
The
100%
the
100%
The
100%
the
100%
a
100%
A
100%
a
100%
and
100%
a
100%
and
100%
It
87.5%
to
87.5%
it.
87.5%
it.
87.5%
it.
87.5%
to
87.5%
it.
87.5%
Stabler
81.3%
He
81.3%
he
81.3%
He
81.3%
ball,
81.3%
Casper
81.3%
ball.
81.3%
Casper
81.3%
Madden
81.3%
he
81.3%
He
81.3%
is
75%
is
75%
end
75%
Raiders
75%
is
75%
out
75%
Raiders
75%
Raiders
75%
you
75%
can
68.8%
on
68.8%
fumble!
68.8%
in
68.8%
% Correct
zone!
68.8%
on
68.8%
of
68.8%
on
68.8%
get
68.8%
your
68.8%
big
68.8%
butt
68.8%
of
68.8%
in
68.8%
Chargers
68.8%
Raider
68.8%
here
62.5%
have
62.5%
it's
62.5%
here.
62.5%
have
62.5%
won
62.5%
It's
62.5%
back,
50%
Oakland
50%
play!
50%
field,
50%
if
50%
game.
50%
if
50%
loose!
43.8%
has
43.8%
scored
43.8%
know
43.8%
real.
43.8%
yes,
43.8%
real
43.8%
know
43.8%
real!
43.8%
be
43.8%
be
43.8%
wants
37.5%
does!
37.5%
football
37.5%
are
37.5%
are
37.5%
throw?
31.3%
can't!
31.3%
most
31.3%
zany,
31.3%
They
31.3%
at
31.3%
They
31.3%
not
31.3%
comes
25%
forward,
25%
scramble,
25%
% Correct
recovered
25%
fans
25%
stunned!
25%
There's
18.8%
nothing
18.8%
world
18.8%
any
18.8%
more!
18.8%
looking
18.8%
lonely
18.8%
one
18.8%
will
18.8%
rush.
12.5%
wild
12.5%
two
12.5%
seconds
12.5%
clock.
12.5%
ruled
12.5%
impossible
12.5%
dream
12.5%
said
12.5%
believe
12.5%
believe
12.5%
few
12.5%
believe
12.5%
relived
12.5%
sidesteps,
6.3%
flipped
6.3%
don't
6.3%
don't
6.3%
52,000
6.3%
minus
6.3%
would
6.3%
man
6.3%
ever
6.3%
try
6.3%
write
6.3%
drama
6.3%
This
6.3%
forever!
6.3%
grabbing
0%
unbelieveable,
0%
absolutely
0%
standing,
0%
each
0%
other.
0%
Nobody
0%
believes
0%
I
0%
people
0%
fool
0%
make
0%
Quiz Playlist
Details
Report
Send in Message
Add To Playlist
Classic:
Type in answers that appear in a list
Quiz Source
Last Updated: Feb 16, 2017
Quiz Scoreboard
CHALLENGE
Sign Up to Join the Scoreboard
Show All
Scores
Hide
Comments
May contain spoilers
Recently Published
Two Season TV Shows II
by 123Four
Television
10m
Image Sorting: Flags VI
by Barbecue
Geography
2m
Find the 'City' Movie
by crazypaving
Movies
60s
More to Explore
Quiz From the Vault
Featured Blog Post
14 Easter Pick-up Lines to Find Eggs With
hide this ad
You Might Also Like...
Tags
NFL Quiz
call
Las Vegas Raiders
Los Angeles Chargers
radio
Today's Top Quizzes in Sports
Browse Sports
hide this ad
Today's Top Quizzes in NFL
Browse NFL
Top Contributed Quizzes in Sports
1
Les meilleurs buteurs des matchs entre le PSG et l’OM
2
Les entraîneurs de l'OM et du PSG au 21e siècle
3
2022 World Cup Stars
4
Les joueurs passés par le PSG et l'OM
5
Players with Multiple 50 Home Run Seasons
6
FIFA Club World Cup Champions
7
Criteria MLB: Left Handed Sluggers
8
Les joueurs passés par le LOSC et le RC Lens
9
Top 10 NHL Goal Scorers of All Time
10
MLB Players with Two .350 Batting Average Seasons
Explore More
Trending Topics
Crossword
Harry Potter
NBA
Disney
Kpop
Marvel
Anime
Country
NFL
Pokémon
The Office
Song
Soccer
Puzzle
WWE
hide this ad
More By:
manimal0
Quiz
Plays
Rating
Category
Featured
Created
Largest US cities starting with the letter B
700
4.45
Geography
Dec 10, 2012
Players with Stanley Cups from three different teams
515
4.33
Sports
Mar 1, 2012
Oakland Raiders playoff opponents
459
3.50
Sports
Mar 11, 2011
Oakland Athletics and SF Giants
306
2.75
Sports
Nov 9, 2010
NHL Goalies with 300 wins
280
4.20
Sports
Feb 9, 2012
Go to Creator's Profile
Score Distribution
Quiz Creator Spotlight
manimal0
Follow
Send a Message
Quizzes Created
-
Created Quiz Play Count
-
More By This Creator
Popular Quizzes Today
1
Find the US States - No Outlines Minefield
2
Colored Red Africa Blitz
3
Find the 'City' Movie
4
5x2 Blitz: Bands
5
The Countries of the World
6
Find the Countries of Europe - No Outlines Minefield
7
Find the US States
8
US States
More Sports Quizzes
Mavs 50
Quiz Lab
Trending Quizzes
Colored Red Europe Blitz I
Colored Red Africa Blitz II
Colored Red Europe Blitz II
Colored Red Africa Blitz III
Colored Red Europe Blitz III
Recently Updated
How Do You Spell That?
pecheneg
Godzilla Movies
pecheneg
Grab Bag: 4-10 Letters
pecheneg
2024 March Madness Bracket
pecheneg
Famous TV Couples
Peacemaker
Champions League XIs: Real Madrid
pecheneg
Largest US Cities 1790-2010
pecheneg
Rides in Walt Disney World
pecheneg
Most Oscar Losses (Acting)
pecheneg
Beyoncé Albums
pecheneg
Trending Topics
Disney
Harry Potter
Crossword
Anime
Marvel
NBA
Kpop
Soccer
NFL
Country
Pokémon
Puzzle
WWE
The Office
Song
Your Account Isn't Verified!
In order to create a playlist on Sporcle, you need to verify the email address you used during registration. Go to your
Sporcle Settings
to finish the process.
Report this User
Report this user for behavior that violates our
Community Guidelines
.
Details:
Send Report
Go to the Sporcle.com Mobile Site →
Comments